Bimetalické heterogénne katalyzátory a ich využitie v Pd-katalyzovaných kaplingoch
Saved in:
| Main Author: | |
|---|---|
| Other Authors: | |
| Format: | Manuscript Book |
| Language: | Slovak |
| Published: |
2025
|
| Subjects: | |
| Online Access: | http://is.stuba.sk/zp/portal_zp.pl?podrobnosti=183360 |
| Tags: |
No Tags, Be the first to tag this record!
|
MARC
| LEADER | 00000ntm a22000003a 4500 | ||
|---|---|---|---|
| 001 | stuzp105100 | ||
| 003 | SK-STU | ||
| 005 | 20250607211124.5 | ||
| 007 | ta | ||
| 008 | 150427s2015----xo-----f-mn---000-0-slo-d | ||
| 040 | |a STU |b slo | ||
| 041 | 0 | |a slo | |
| 100 | 1 | |a Paxian, Samuel |u 048140 |4 aut |U FCHPT Ústav organickej chémie, katalýzy a petrochémie |T FCHPT Oddelenie organickej chémie |X 97468 |U C8140 |Y 124 |7 97468 | |
| 242 | 0 | 1 | |a Bimetallic heterogeneous catalysts and their application in Pd-catalyzed couplings |y eng |
| 245 | 1 | 0 | |a Bimetalické heterogénne katalyzátory a ich využitie v Pd-katalyzovaných kaplingoch |
| 260 | |c 2025 | ||
| 650 | 4 | |a bimetallic catalyst |2 eng | |
| 650 | 4 | |a copper |2 eng | |
| 650 | 4 | |a biodegradable polymer |2 eng | |
| 650 | 4 | |a Sonogashira coupling |2 eng | |
| 650 | 4 | |a palladium |2 eng | |
| 650 | 4 | |a heterogeneous catalysis |2 eng | |
| 650 | 4 | |a bimetalický katalyzátor |2 slo | |
| 650 | 4 | |a meď |2 slo | |
| 650 | 4 | |a paládium |2 slo | |
| 650 | 4 | |a biodegradovateľný polymér |2 slo | |
| 650 | 4 | |a heterogénna katalýza |2 slo | |
| 650 | 4 | |a Sonogashiraov kapling |2 slo | |
| 700 | 1 | |a Lopatka, Pavol |u 048130 |k Z1 |4 ths |U FCHPT Ústav organickej chémie, katalýzy a petrochémie |T FCHPT Oddelenie organickej technológie, katalýzy a ropy |X 43518 |U C8130 |Y 123 |7 A00000043518 | |
| 856 | 4 | |u http://is.stuba.sk/zp/portal_zp.pl?podrobnosti=183360 | |